| 000 | 00494cam a2200181ua 4500 | ||
|---|---|---|---|
| 020 |
_a81-203-1883-8 _c225.00 |
||
| 041 |
_aeng _h |
||
| 082 |
_a628.4 _bCHE/BI |
||
| 100 | _aCheremisinoff, Nicholar.P . | ||
| 245 |
_aBiotechnology for waste and waste-water treatment / _cP.Nicholar Cherimisinoff. _hTextual Documents |
||
| 250 |
_a1 / _b. |
||
| 260 |
_a : _bPrentice Hall Inc , _c2001. |
||
| 300 | _a231 ; . | ||
| 365 | _a225.00 | ||
| 504 | _a | ||
| 942 | _cBK | ||
| 999 |
_c1830 _d1830 |
||